000 01541nam a2200289 i 4500
003 IT-RoINE
005 20200515100825.0
008 960429s1965 it abef|r 101|||mul|d
040 _cIT-RoINE
_dIT-RoINE
041 0 _afre
_ager
_aita
110 2 _951737
_aUniversità cattolica del Sacro Cuore.
_bCentro di studi medioevali.
_bSettimana internazionale di studio
_n(2ª.
_d1962.
_cPasso della Mendola, Italia)
245 1 2 _aL'Eremitismo in occidente nei secoli XI e XII :
_batti della seconda Settimana internazionale di studio, Mendola, 30 agosto-6 settembre 1962.
260 _aMilano :
_bVita e Pensiero,
_c[1965]
300 _aVIII, 690 p., [39] p. de lám., [4] h. de lám. pleg. :
_bil., mapas, planos ;
_c24 cm.
336 _2rdacontent
_atext
337 _2rdamedia
_aunmediated
338 _2rdacarrier
_avolume
490 1 _aPubblicazioni dell'Università Cattolica del S. Cuore.
_aContributi.
_aSerie terza,
_aVaria ;
_v4
490 1 _aPubblicazioni dell'Università Cattolica del S. Cuore.
_aMiscellanea del Centro di Studi medioevali ;
_v4
500 _aIncluye índices.
504 _aIncluye referencias bibliográficas en notas.
546 _aTextos en alemán, francés e italiano.
650 4 _aEremitas
_zEuropa
_xHistoria
_vCongresos
_951738
830 0 _951719
_aPubblicazioni dell'Università cattolica del Sacro Cuore.
_nSerie terza,
_pContributi.
_pVaria ;
_v4
830 0 _951709
_aPubblicazioni dell'Università cattolica del Sacro Cuore.
_pMiscellanea del Centro di studi medioevali
_v4
942 _cMTS
999 _c26128
_d26128